Caṇḍīmā rājanīti. (Record no. 85552)

MARC details
000 -LEADER
fixed length control field 00538cam a22002171 4500
001 - CONTROL NUMBER
control field sa 68014080
003 - CONTROL NUMBER IDENTIFIER
control field DLC
005 - DATE AND TIME OF LATEST TRANSACTION
control field 20260227112628.0
008 - FIXED-LENGTH DATA ELEMENTS--GENERAL INFORMATION
fixed length control field 890707s1958 np 000 0 nepo
010 ## - LIBRARY OF CONGRESS CONTROL NUMBER
LC control number sa 68014080
035 ## - SYSTEM CONTROL NUMBER
System control number (OCoLC)19980835
040 ## - CATALOGING SOURCE
Original cataloging agency DLC
Transcribing agency WaU
Modifying agency DLC
042 ## - AUTHENTICATION CODE
Authentication code premarc
050 00 - LIBRARY OF CONGRESS CALL NUMBER
Classification number BL1202
Item number .A27
100 2# - MAIN ENTRY--PERSONAL NAME
Personal name Ācārya Dīkshita, Sāgaramaṇi,
Dates associated with a name 1915-
245 10 - TITLE STATEMENT
Title Caṇḍīmā rājanīti.
260 ## - PUBLICATION, DISTRIBUTION, ETC.
Date of publication, distribution, etc. [1958/59]
300 ## - PHYSICAL DESCRIPTION
Extent 67 p.
Dimensions 19 cm.
500 ## - GENERAL NOTE
General note In Nepali.
650 #0 - SUBJECT ADDED ENTRY--TOPICAL TERM
Topical term or geographic name entry element Hindu mythology.

No items available.

Powered by Koha